| 000 | 00659nam a2200229Ia 4500 | ||
|---|---|---|---|
| 003 | OSt | ||
| 005 | 20220928113718.0 | ||
| 006 | a|||||r|||| 00| 0 | ||
| 007 | ta | ||
| 008 | 220927b |||||||| |||| 00| 0 eng d | ||
| 024 | _a36395 | ||
| 037 | _cTextual | ||
| 040 |
_aSDCL _cSDCL _beng |
||
| 041 |
_2eng _aeng |
||
| 082 | _aX9(J):51:f.1'N8, M3 | ||
| 100 |
_aFarris Paul L Ed. _9434642 |
||
| 245 | 0 | _aFuture frontiers in agricultural marketing research | |
| 260 |
_aAmes,Iowa _bIowa state University Press _c1983 |
||
| 300 |
_avii,341p _ccm. |
||
| 942 |
_hX9(J):51:f.1'N8, M3 _cTEXL _2CC |
||
| 999 |
_c750945 _d750945 |
||